000 00280nam a22001217a 4500
008 181010b xxu||||| |||| 00| 0 eng d
041 _aeng
080 _26th
_a330.722
100 _a61
101 _aKF
245 _aCost Accounting planning and control
_cMatz,A
942 _2udc
_cBK
999 _c49260
_d49260